000 00684nam a22002297a 4500
005 20170124110105.0
010 _aA-794447
020 _c00.00
_a8125008241
035 _aA-794447
037 _bCen Lib/Ret
040 _aDPL
_bEN
082 _a921
_bDES
100 _aDeshmukh, C. D.
_927853
245 _aThe course of my life /
_cby C. D. Deshmukh
260 _aHyderabad
_bOrient Longman
_c1995
270 _bHyderabad
_aHimayatnagar
_e500029
300 _a367p.
_c21cm(Hb)
500 _aIncludes index
650 _aIndia -- Officials and employees
_927854
650 _aDeshmukh, Chintaman Dwarkanath, -- 1896-1982
_927855
942 _2ddc
_cEN
_h921
_mDES
999 _c129942
_d129942